| 000 | 00697nam a2200241 a 4500 | ||
|---|---|---|---|
| 001 | BRCA_5851 | ||
| 005 | 20190320205235.0 | ||
| 008 | 150311s1937----enka######---#000-0#eng-# | ||
| 041 | _aeng | ||
| 044 | _aenk | ||
| 050 | 4 |
_aTS545 _b.G37 1937 |
|
| 100 | 1 |
_aGarrard, F. J. _914822 |
|
| 245 | 1 | 0 |
_aClock repairing and making _ba practical handbook _cby F. J. Garrard. |
| 260 |
_aLondres _bTechnical Press _c1937 |
||
| 300 |
_aviii, 168 p. _bil., 120 figuras _c18 cm. |
||
| 440 | 0 |
_aTechnical press manuals _914823 |
|
| 500 | _aIncluye índice alfabético | ||
| 500 | _aG46 | ||
| 650 | 1 | 4 |
_aRelojes _xFabricación _914824 |
| 650 | 1 | 4 |
_aRelojes _xReparación _914825 |
| 902 | _aGFM | ||
| 942 |
_2lcc _cB |
||
| 999 |
_c5540 _d5540 |
||